000 00407nam a2200145Ia 4500
008 180921t1952 xxu||||| ||||o00| 0 eng d
041 _aeng
080 _aThe Acts Of Ceylon Nos.1-45 1952
245 _aParliment of Ceylon 1st Session 1952 : Rural Courts ( Amendment ) Act, No.24 of 1952
260 _c1952
300 _a23 cm
942 _cBK
999 _c52805
_d52805
003 LK-CoDNM
040 _aLK-CoDNM
_dLK-CoDNM
_eLK-CoDNM